[Event "Montigny le Bretonneux Noel op 19th"]
[Site "Montigny le Bretonneux"]
[Date "2018.12.29"]
[Round "6"]
[White "Artieres, Michel"]
[Black "Brouard, Gregoire"]
[Result "0-1"]
[WhiteElo "1760"]
[BlackElo "2019"]
[PlyCount "58"]
[EventDate "2018.12.26"]
[EventType "swiss"]
[EventRounds "7"]
[EventCountry "FRA"]
[SourceTitle "CBM 188 Extra"]
[Source "ChessBase"]
[SourceDate "2019.02.28"]
[SourceVersion "1"]
[SourceVersionDate "2019.02.28"]
[SourceQuality "1"]

1. e4 e6 2. d4 d5 3. Nd2 Nf6 4. e5 Nfd7 5. Bd3 c5 6. c3 Nc6 7. Ne2 cxd4 8. cxd4 f6 9. exf6 Nxf6 10. 0-0 Bd6 11. Nf3 0-0 12. Bf4 Nh5 13. Bxd6 Qxd6 14. Ng3 Nf4 15. Bb5 Ne7 16. Qd2 Neg6 17. Rfe1 Bd7 18. Bd3 Nxd3 19. Qxd3 Nf4 20. Qe3 Rf6 21. Rac1 Raf8 22. Rc2 Nxg2 23. Qe5 Qxe5 24. Nxe5 Nxe1 25. Rc7 Bc6 26. Nh5 Nf3+ 27. Kg2 Nxe5 28. Nxf6+ gxf6 29. dxe5 fxe5 0-1

[Event "Montigny le Bretonneux Noel op 19th"]
[Site "Montigny le Bretonneux"]
[Date "2018.12.27"]
[Round "1"]
[White "Wu, Clara"]
[Black "Brouard, Gregoire"]
[Result "0-1"]
[WhiteElo "1517"]
[BlackElo "2019"]
[PlyCount "112"]
[EventDate "2018.12.26"]
[EventType "swiss"]
[EventRounds "7"]
[EventCountry "FRA"]
[SourceTitle "CBM 188 Extra"]
[Source "ChessBase"]
[SourceDate "2019.02.28"]
[SourceVersion "1"]
[SourceVersionDate "2019.02.28"]
[SourceQuality "1"]

1. d4 Nf6 2. c4 g6 3. Nf3 Bg7 4. g3 0-0 5. Bg2 c5 6. 0-0 Qc7 7. Bf4 Qb6 8. Qd2 cxd4 9. Be5 Nc6 10. Bxd4 Nxd4 11. Nxd4 d6 12. Nc3 Bd7 13. e3 Rfc8 14. Qe2 Bg4 15. Qd3 Rab8 16. h3 Bd7 17. Qe2 Qb4 18. a3 Qxc4 19. Qxc4 Rxc4 20. Rac1 b5 21. Rfd1 a5 22. Bf1 Rc5 23. b4 axb4 24. axb4 Rc7 25. Ndxb5 Rcb7 26. Nd4 Rxb4 27. Bg2 Rc4 28. Nce2 Rbc8 29. Rxc4 Rxc4 30. Rb1 e5 31. Nb5 Bf8 32. Nbc3 Bc6 33. Bxc6 Rxc6 34. Rd1 Nd7 35. Nd5 f5 36. Kg2 Kf7 37. Rb1 Ke6 38. Ndc3 Be7 39. Ra1 d5 40. Rd1 Nf6 41. f4 Bb4 42. fxe5 Bxc3 43. Nxc3 Kxe5 44. Ne2 Rc2 45. Kf3 Ne4 46. h4 Rxe2 47. Kxe2 Nc3+ 48. Ke1 Nxd1 49. Kxd1 Ke4 50. Ke2 h6 51. Kf2 g5 52. hxg5 hxg5 53. Ke2 g4 54. Kf2 Kd3 55. e4 fxe4 56. Ke1 e3 0-1

[Event "Robinson Cup U14"]
[Site "Paisley"]
[Date "2018.07.16"]
[Round "1.2"]
[White "Remenyik, David"]
[Black "Brouard, Gregoire"]
[Result "1-0"]
[WhiteElo "1769"]
[BlackElo "1952"]
[PlyCount "99"]
[EventDate "2018.07.16"]
[EventType "team-tourn"]
[EventRounds "5"]
[EventCountry "SCO"]
[SourceTitle "EXT 2023"]
[Source "ChessBase"]
[SourceDate "2022.10.05"]
[SourceVersion "1"]
[SourceVersionDate "2022.10.05"]
[SourceQuality "1"]
[WhiteTeam "Ireland U14"]
[BlackTeam "France U14"]
[WhiteTeamCountry "IRL"]
[BlackTeamCountry "FRA"]

1. d4 Nf6 2. Nf3 g6 3. c4 Bg7 4. Nc3 0-0 5. e4 d6 6. Be2 e5 7. d5 a5 8. Bg5 h6 9. Bh4 g5 10. Bg3 Nh5 11. Nd2 Nf4 12. 0-0 Na6 13. a3 Nc5 14. b4 axb4 15. axb4 Rxa1 16. Qxa1 Nxe2+ 17. Nxe2 Nd3 18. Qa3 Nf4 19. Nc3 h5 20. c5 h4 21. Bxf4 exf4 22. cxd6 cxd6 23. Nb5 g4 24. Nc4 Be5 25. Qa5 b6 26. Nxb6 g3 27. f3 h3 28. Nxc8 Qxc8 29. Qc7 Bd4+ 30. Kh1 Qa6 31. Qa5 Qc8 32. Nxd4 Qc3 33. Qa1 hxg2+ 34. Kxg2 Qd2+ 35. Kh3 Qxh2+ 36. Kg4 g2 37. Nf5 f6 38. Rg1 Kh8 39. Nxd6 Rg8+ 40. Kf5 Rf8 41. Ke6 Qh3+ 42. Ke7 Kg8 43. Qa2 Qh7+ 44. Ke6 Rd8 45. Qxg2+ Kf8 46. Qg6 Qe7+ 47. Kf5 Qe5+ 48. Kg4 Rxd6 49. Kh3 Ke7 50. Qh7+ 1-0

[Event "Daventry Stokes Cup U12"]
[Site "Daventry"]
[Date "2016.07.18"]
[Round "1.1"]
[White "Haque, Muhtarim Ul"]
[Black "Brouard, Gregoire"]
[Result "0-1"]
[WhiteElo "1602"]
[BlackElo "1750"]
[PlyCount "52"]
[EventDate "2016.07.18"]
[EventType "team-tourn"]
[EventRounds "5"]
[EventCountry "ENG"]
[SourceTitle "EXT 2020"]
[Source "ChessBase"]
[SourceDate "2019.10.17"]
[SourceVersion "1"]
[SourceVersionDate "2019.10.17"]
[SourceQuality "1"]
[WhiteTeam "Ireland"]
[BlackTeam "France"]
[WhiteTeamCountry "IRL"]
[BlackTeamCountry "FRA"]

1. e4 e6 2. d4 d5 3. e5 c5 4. c3 Qb6 5. Nf3 Nc6 6. a3 Nh6 7. Bd3 Bd7 8. 0-0 cxd4 9. cxd4 Nxd4 10. Nxd4 Qxd4 11. Nc3 a6 12. Re1 Ng4 13. Qe2 Bc5 14. Nd1 Ba4 15. Bc2 Bxc2 16. Qxc2 Rc8 17. h3 Nxe5 18. b4 Nd3 19. Bb2 Qc4 20. Qxc4 dxc4 21. Re4 Nxb2 22. Nxb2 c3 23. Na4 Be7 24. Rc1 Bf6 25. Re3 0-0 26. Nxc3 Bg5 0-1

[Event "Agneaux St Lo op 17th"]
[Site "Agneaux"]
[Date "2016.07.14"]
[Round "9.1"]
[White "Siniauski, Artsiom"]
[Black "Brouard, Gregoire"]
[Result "1-0"]
[WhiteElo "1678"]
[BlackElo "1750"]
[PlyCount "85"]
[EventDate "2016.07.07"]
[EventType "swiss"]
[EventRounds "9"]
[EventCountry "FRA"]
[SourceTitle "EXT 2020"]
[Source "ChessBase"]
[SourceDate "2019.10.17"]
[SourceVersion "1"]
[SourceVersionDate "2019.10.17"]
[SourceQuality "1"]

1. e4 e6 2. d4 d5 3. Nc3 Nf6 4. Bg5 Bb4 5. e5 h6 6. Bd2 Bxc3 7. bxc3 Ne4 8. Qg4 Kf8 9. h4 c5 10. Rh3 Nxd2 11. Kxd2 c4 12. Rf3 Nc6 13. Ne2 Ne7 14. Ng3 Nf5 15. h5 Qg5+ 16. Rf4 Nxg3 17. fxg3 Qxg4 18. Rxg4 Rg8 19. Be2 Ke7 20. Rf1 Bd7 21. Ke3 Raf8 22. Bd1 g5 23. hxg6 fxg6 24. Rh1 g5 25. Rxh6 Be8 26. Rh7+ Rf7 27. Rh6 Kf8 28. Rxe6 Bd7 29. Rd6 Bxg4 30. Bxg4 Rc7 31. Rxd5 Rg6 32. e6 Ke7 33. Ke4 a6 34. Re5 b5 35. d5 Kd6 36. Rf5 Rgg7 37. Rf8 Ra7 38. Rd8+ Kc7 39. Rc8+ Kd6 40. Rc6+ Ke7 41. d6+ Kf6 42. Rc8 Rge7 43. Kd5 1-0